Writing for the TOEFL IBT
Na minha lista:
| Autor principal: | |
|---|---|
| Formato: | Livro |
| Idioma: | English |
| Publicado em: |
TP.HCM
Tổng hợp Thành Phố Hồ Chí Minh
2012
|
| Edição: | 4th edition |
| Colecção: | Barron's The leader in Test Preparation
|
| Assuntos: | |
| Tags: |
Adicionar Tag
Sem tags, seja o primeiro a adicionar uma tag!
|
| Thư viện lưu trữ: | Trung tâm Học liệu Lê Vũ Hùng, Trường Đại học Đồng Tháp |
|---|
| LEADER | 00810amm a22002538a 4500 | ||
|---|---|---|---|
| 001 | 00044218 | ||
| 005 | 20190509140508.0 | ||
| 008 | 120724s2012 ||||||engsd | ||
| 020 | # | # | |c 0 |
| 041 | 0 | # | |a eng |
| 082 | 1 | 4 | |a 428 |b WR300F |
| 100 | 1 | # | |a Lougheed, Lin |
| 245 | 1 | 0 | |h Nguồn liệu điện tử |a Writing for the TOEFL IBT |c Lin Lougheed |
| 250 | # | # | |a 4th edition |
| 260 | # | # | |a TP.HCM |b Tổng hợp Thành Phố Hồ Chí Minh |c 2012 |
| 300 | # | # | |a 1 CD |c 43/4 inch |e sách |
| 490 | # | # | |a Barron's The leader in Test Preparation |
| 653 | # | # | |a Bài tập |
| 653 | # | # | |a Luyện thi |
| 653 | # | # | |a TOEFL IBT |
| 653 | # | # | |a Tiếng Anh |
| 653 | # | # | |a Đĩa CD |
| 852 | # | # | |j DPT.0004012 |j DPT.0004165 |
| 980 | # | # | |a Trung tâm Học liệu Lê Vũ Hùng, Trường Đại học Đồng Tháp |